Vodcovstvo ako významný činiteľ tvorby, implementácie a inovácie podnikateľských modelov

Vodcovstvo ako rozhodujúci činiteľ zmeny v podnikoch. Výsledky výskumu vodcovstva pri tvorbe, implementácii a zmene podnikateľských modelov.

Na minha lista:
Detalhes bibliográficos
Autor principal: Ljudvigová, Ivana
Formato: Capítulo de Livro
Idioma:eslovaco
Assuntos:
Tags: Adicionar Tag
Sem tags, seja o primeiro a adicionar uma tag!

MARC

LEADER 00000naa a2200000 4500
001 0180263
005 20240502073052.5
041 0 |a slo 
044 |a SK 
245 1 0 |a Vodcovstvo ako významný činiteľ tvorby, implementácie a inovácie podnikateľských modelov  |c Ivana Ljudvigová 
520 |a Vodcovstvo ako rozhodujúci činiteľ zmeny v podnikoch. Výsledky výskumu vodcovstva pri tvorbe, implementácii a zmene podnikateľských modelov. 
610 2 0 |a vodcovstvo 
610 2 0 |a lídri 
610 2 0 |a manažéri 
610 2 0 |a manažment 
610 2 0 |a inovácia 
610 2 0 |a výskum 
610 2 0 |a modely 
610 2 0 |a podnik 
100 1 |a Ljudvigová, Ivana